Football - Equipe ayant dominé le championnat de D1 de 1946 à 1949 - Statistiques

Statistiques générales
  • Ce quiz a été pris 25 fois
  • Le résultat moyen est 7 sur 10
Statistiques - réponses
Réponse % Correct
Lille OSC
96%
RC Paris
96%
O.Marseille
92%
AS Saint-Etienne
79%
Stade de Reims
71%
Stade Rennais UC
67%
FC Sète
58%
RC Strasbourg
58%
CO Roubaix-Tourcoing
50%
AS Cannes
38%
Aucun quiz correspondant
Distribution des résultats
% des personnes avec chaque résultat
Percentile par nombre de réponses
Votre historique - résultats
Vous n’avez pas pris ce quiz